Statistics for 高雄捷運の駅

Click here to take the quiz!

General Stats

  • This quiz has been taken 3 times
  • The average score is 23 of 69

Answer Stats

路線名ナンバリング% Correct
橙線O5美麗島
100%
紅線R24南岡山
100%
紅線R15生態園區
100%
紅線R13凹子底
100%
紅線R3小港
100%
紅線R4高雄國際機場
100%
紅線R10美麗島
100%
紅線R6凱旋
67%
環状軽軌C24愛河之心
67%
橙線OT1大寮
67%
紅線R23橋頭火車
67%
橙線O11鳳山西
67%
橙線O9技擊館
67%
橙線O6信義國小
67%
橙線O4市議會
67%
橙線O1西子灣
67%
橙線O12鳳山
67%
紅線R8三多商圈
67%
紅線R19楠梓加工區
67%
紅線R22A橋頭糖廠
67%
紅線R11高雄車站
67%
紅線R14巨蛋
67%
紅線R21都會公園
67%
紅線R16左營/高鐵
67%
紅線R7獅甲
33%
橙線O14鳳山國中
33%
環状軽軌C5夢時代
33%
環状軽軌C20臺鐵美術館
33%
環状軽軌C8高雄展覽館
33%
環状軽軌C18鼓山
33%
環状軽軌C21美術館
33%
環状軽軌C32凱旋公園
33%
環状軽軌C33衛生局
33%
橙線O13大東
33%
環状軽軌C37輕軌機廠
33%
橙線O7文化中心
33%
紅線R9中央公園
33%
紅線R5前鎮高中
33%
橙線O10衛武營
33%
紅線R12後驛
0%
紅線R17世運/國家體育園區
0%
環状軽軌C19馬卡道
0%
橙線O2鹽埕埔
0%
環状軽軌C21A內惟藝術中心
0%
紅線R20後勁
0%
環状軽軌C22聯合醫院
0%
環状軽軌C23龍華國小
0%
紅線R4A草衙
0%
環状軽軌C34五權国小
0%
環状軽軌C35凱旋武昌
0%
環状軽軌C36凱旋二聖
0%
環状軽軌C17鼓山區公所
0%
環状軽軌C15壽山公園
0%
環状軽軌C16文武聖殿
0%
環状軽軌C14哈瑪星
0%
環状軽軌C13駁二蓬萊
0%
環状軽軌C12駁二大義
0%
環状軽軌C11真愛碼頭
0%
環状軽軌C10光榮碼頭
0%
環状軽軌C9旅運中心
0%
紅線R18油廠國小
0%
環状軽軌C7軟體園區
0%
橙線O8五塊厝
0%
環状軽軌C4凱旋中華
0%
環状軽軌C3前鎮之星
0%
環状軽軌C2凱旋瑞田
0%
環状軽軌C1籬仔內
0%
紅線R22青埔
0%
環状軽軌C6經貿園區
0%

Score Distribution

Percentile by Number Answered

Percent of People with Each Score

Your Score History

You have not taken this quiz